| 000 | 00517pam a2200205 a 4500 | ||
|---|---|---|---|
| 001 | 881931 | ||
| 005 | 20180307085835.0 | ||
| 008 | 800527s1981 nyua 001 0 eng | ||
| 010 | _a 80015555 | ||
| 020 | _a0030556961 | ||
| 040 |
_aDLC _cDLC _dDLC |
||
| 041 | _aeng | ||
| 080 | _a621.3192 leo | ||
| 082 | 0 | 0 | _a621.3192 leo |
| 100 | 1 | _a27 | |
| 101 | _amec | ||
| 245 | 1 | 0 |
_aElementary linear circuit analysis / _cLeonard S. Bobrow. |
| 906 |
_a7 _bcbc _corignew _d1 _eocip _f19 _gy-gencatlg |
||
| 942 |
_2ddc _cBK |
||
| 999 |
_c44327 _d44327 |
||